japan's economic outlook

Na minha lista:
Detalhes bibliográficos
Formato: Livro
Idioma:Undetermined
Publicado em: Tokyo Daiwa Institute of Research Ltd 1993
Assuntos:
Tags: Adicionar Tag
Sem tags, seja o primeiro a adicionar uma tag!
Thư viện lưu trữ: Trung tâm Học liệu Trường Đại học Cần Thơ
LEADER 00457nam a2200169Ia 4500
001 CTU_105296
008 210402s9999 xx 000 0 und d
082 |a 332.6 
082 |b J35 
245 0 |a japan's economic outlook 
260 |a Tokyo 
260 |b Daiwa Institute of Research Ltd 
260 |c 1993 
650 |a Investments, japanese,Economic policy 
650 |z Japan 
904 |i Năm 
980 |a Trung tâm Học liệu Trường Đại học Cần Thơ